| 000 | 00724cam0a220024100 4500 | ||
|---|---|---|---|
| 001 | zam00002175 | ||
| 008 | 951128s1973 xx eng u | ||
| 035 | _a(Sirsi) r19554 | ||
| 035 | _a(MACHINE)SLC. | ||
| 100 |
_aGregory, A. B. _6A80480.1 |
||
| 245 | 1 | 3 | _aAn introduction to electrical instrumentation. |
| 260 | _c1973. | ||
| 949 |
_aTK275 _wlcc _i33729005235697 _mMAIN _tBOOK _lON-SHELF |
||
| 949 |
_aTK275 _wlcc _i-17508 _mMAIN _tBOOK _lON-SHELF |
||
| 004 | 19554 | ||
| 591 | _aClass code: EE 463. | ||
| 591 | _aCourse: Electrical instrumentation. | ||
| 591 | _aSchool: S04. | ||
| 591 | _aLecturer: Mr. EKE, K. | ||
| 591 | _aNumber of Students: 17. | ||
| 900 |
_2MAIN _8TK275 _9GRE _c2 |
||
| 909 | _aBook | ||
| 999 |
_c169634 _d169634 |
||